000 00243nam a2200109Ia 4500
005 20251222144907.0
008 251222s9999||||xx |||||||||||||| ||spa||
082 _a516.24/C47
245 0 _aTrigonometrĂ­a:
264 _bCepre-Uni
942 _cLIB
999 _c22210
_d22210